000 00451nam a2200193Ia 4500
003 OSt
005 20250918135835.0
008 250729s2007 xx 000 0 und d
040 _cAL
041 _aeng
082 _a374 KAMA
100 _aKamat H D
_9222722
245 _aAdult education
260 _aNew Delhi
_bCrescent Publication
_c2007
300 _a364p
650 _aEducation
_9222723
700 _aDavid A
_9222724
942 _2ddc
_cBED
999 _c235582
_d235582